[Event "Arad op-A 14th"]
[Site "Arad"]
[Date "2021.07.30"]
[Round "1"]
[White "Nastore, Pavel Alexandru"]
[Black "Tinica, Gabriel"]
[Result "1-0"]
[WhiteElo "2219"]
[BlackElo "1916"]
[PlyCount "75"]
[EventDate "2021.07.30"]
[EventType "swiss"]
[EventRounds "9"]
[EventCountry "ROU"]
[SourceTitle "CBM 203 Extra"]
[Source "ChessBase"]
[SourceDate "2021.09.30"]
[SourceVersion "1"]
[SourceVersionDate "2021.09.30"]
[SourceQuality "1"]

1. e4 c5 2. Nf3 Nc6 3. d4 cxd4 4. Nxd4 Nf6 5. Nc3 e5 6. Ndb5 d6 7. Bg5 a6 8. Na3 b5 9. Nd5 Be7 10. Bxf6 Bxf6 11. c3 Bg5 12. Nc2 Rb8 13. a4 bxa4 14. Ncb4 Nxb4 15. cxb4 0-0 16. Qxa4 f5 17. Bd3 Be6 18. Qb3 fxe4 19. Bxe4 Bxd5 20. Bxd5+ Kh8 21. Rxa6 Rf4 22. b5 Qc8 23. 0-0 Qc5 24. Rc6 Qd4 25. Rc4 Qb6 26. Bc6 Rxf2 27. Rxf2 Be3 28. Rcc2 Rf8 29. Bf3 e4 30. Kf1 Bxf2 31. Rxf2 h6 32. Qc4 exf3 33. Rxf3 Ra8 34. Qd5 Ra1+ 35. Ke2 Qd8 36. Re3 Qh4 37. Re8+ Kh7 38. Qf5+ 1-0

[Event "Jupiter FISCA op"]
[Site "Jupiter"]
[Date "2021.06.24"]
[Round "2"]
[White "Daianu, Cristian Clement"]
[Black "Tinica, Gabriel"]
[Result "1/2-1/2"]
[WhiteElo "2205"]
[BlackElo "1916"]
[PlyCount "60"]
[EventDate "2021.06.23"]
[EventType "swiss"]
[EventRounds "9"]
[EventCountry "ROU"]
[SourceTitle "EXT 2022"]
[Source "ChessBase"]
[SourceDate "2021.10.06"]
[SourceVersion "1"]
[SourceVersionDate "2021.10.06"]
[SourceQuality "1"]

1. e4 c5 2. Nf3 Nc6 3. d4 cxd4 4. Nxd4 Nf6 5. Nc3 e5 6. Ndb5 d6 7. Bg5 a6 8. Na3 b5 9. Bxf6 gxf6 10. Nd5 Bg7 11. c3 f5 12. exf5 Bxf5 13. Nc2 0-0 14. Nce3 Be6 15. g3 Rb8 16. Bg2 f5 17. Qh5 Ne7 18. 0-0 e4 19. Rad1 b4 20. Bh3 Nxd5 21. Nxd5 bxc3 22. bxc3 Qe8 23. Qg5 Qd8 24. Qf4 Be5 25. Qh6 Bxd5 26. Rxd5 Qf6 27. Qxf6 Rxf6 28. c4 Kf7 29. f4 exf3 30. Rxf3 Rb4 1/2-1/2

[Event "Canadian op"]
[Site "Quebec"]
[Date "2018.07.09"]
[Round "4"]
[White "Tinica, Gabriel"]
[Black "Doknjas, Neil"]
[Result "0-1"]
[WhiteElo "1658"]
[BlackElo "1883"]
[PlyCount "64"]
[EventDate "2018.07.07"]
[EventType "swiss"]
[EventRounds "9"]
[EventCountry "CAN"]
[SourceTitle "EXT 2019"]
[Source "ChessBase"]
[SourceDate "2018.10.10"]
[SourceVersion "1"]
[SourceVersionDate "2018.10.10"]
[SourceQuality "1"]

1. d4 d5 2. Bf4 Nf6 3. e3 e6 4. Bd3 c5 5. c3 Bd6 6. Bg3 Nc6 7. Nf3 0-0 8. Nbd2 b6 9. Ne5 Bb7 10. f4 Ne7 11. Bh4 Ne4 12. Bxe4 dxe4 13. 0-0 f6 14. Nec4 Nf5 15. Bf2 Rc8 16. g4 Ne7 17. Nxd6 Qxd6 18. Bg3 Ba6 19. Nxe4 Qc6 20. Nd2 Bxf1 21. Qxf1 cxd4 22. exd4 e5 23. Qg2 Qxg2+ 24. Kxg2 exd4 25. cxd4 Rc2 26. Rd1 Rxb2 27. Kf3 Rxa2 28. Nf1 Nd5 29. f5 Re8 30. Rd3 b5 31. Nd2 b4 32. Nc4 Rc8 0-1

[Event "Canadian op"]
[Site "Quebec"]
[Date "2018.07.08"]
[Round "2"]
[White "Tinica, Gabriel"]
[Black "Dukic, Zachary"]
[Result "0-1"]
[WhiteElo "1658"]
[BlackElo "2118"]
[PlyCount "88"]
[EventDate "2018.07.07"]
[EventType "swiss"]
[EventRounds "9"]
[EventCountry "CAN"]
[SourceTitle "EXT 2019"]
[Source "ChessBase"]
[SourceDate "2018.10.10"]
[SourceVersion "1"]
[SourceVersionDate "2018.10.10"]
[SourceQuality "1"]

1. d4 Nf6 2. Bf4 g6 3. Nc3 d5 4. e3 Bg7 5. Be2 a6 6. h4 h5 7. Qd2 c5 8. f3 Nc6 9. Bg3 0-0 10. Bf2 Qa5 11. Nh3 Rd8 12. Nf4 e5 13. dxe5 Nxe5 14. 0-0-0 d4 15. exd4 cxd4 16. Bxd4 Nc6 17. Qe3 Nxd4 18. Rxd4 Rxd4 19. Qxd4 Bf5 20. Qa4 Qxa4 21. Nxa4 Bh6 22. g3 Nd5 23. Nc5 Nxf4 24. gxf4 Bxf4+ 25. Kd1 Rd8+ 26. Nd3 Bg3 27. b3 Rd4 28. Kd2 Bxh4 29. Ke3 Bf6 30. c3 Rd8 31. c4 Kg7 32. Nb4 Bd4+ 33. Kd2 h4 34. Nd5 Rh8 35. Bd3 Bd7 36. f4 h3 37. Be4 h2 38. Kd3 Bg1 39. Nc3 Rh3+ 40. Kd2 Be3+ 41. Ke1 Bxf4 42. Nd1 Bc6 43. Bxc6 bxc6 44. Nf2 Rc3 0-1

[Event "Montreal Vendredi 03"]
[Site "Montreal"]
[Date "2018.04.06"]
[Round "3"]
[White "Tinica, Gabriel"]
[Black "Cardona, Misael"]
[Result "0-1"]
[WhiteElo "1960"]
[BlackElo "2198"]
[PlyCount "42"]
[EventDate "2018.03.23"]
[EventType "tourn"]
[EventRounds "3"]
[EventCountry "CAN"]
[SourceTitle "EXT 2022"]
[Source "ChessBase"]
[SourceDate "2021.10.06"]
[SourceVersion "1"]
[SourceVersionDate "2021.10.06"]
[SourceQuality "1"]

1. d4 Nf6 2. Bf4 e6 3. e3 c5 4. c3 Nc6 5. Nd2 d5 6. Bd3 Qb6 7. Qc2 Bd7 8. Ngf3 Rc8 9. Qb1 Nh5 10. Bg5 h6 11. Bh4 cxd4 12. exd4 Nf4 13. 0-0 Nxd3 14. Qxd3 Bd6 15. b4 0-0 16. Nb3 Ne7 17. Bxe7 Bxe7 18. Rfe1 Bb5 19. Qe3 Qc7 20. Rac1 Bd6 21. h3 Bf4 0-1

[Event "Quebec-ch U16"]
[Site "Montreal"]
[Date "2018.01.12"]
[Round "1"]
[White "Ouellet, Maili Jade"]
[Black "Tinica, Gabriel"]
[Result "1-0"]
[WhiteElo "2251"]
[BlackElo "1910"]
[PlyCount "61"]
[EventDate "2018.01.12"]
[EventType "tourn"]
[EventRounds "6"]
[EventCountry "CAN"]
[SourceTitle "EXT 2022"]
[Source "ChessBase"]
[SourceDate "2021.10.06"]
[SourceVersion "1"]
[SourceVersionDate "2021.10.06"]
[SourceQuality "1"]

1. d4 Nf6 2. c4 g6 3. Nc3 Bg7 4. e4 0-0 5. f4 d6 6. Nf3 c5 7. d5 e6 8. Be2 exd5 9. cxd5 b5 10. e5 dxe5 11. fxe5 Ng4 12. Bg5 f6 13. exf6 Bxf6 14. Bxf6 Qxf6 15. Qd2 b4 16. Nd1 Ba6 17. 0-0 Bxe2 18. Qxe2 Na6 19. Qc4 Qf4 20. Qxa6 Rf6 21. Qe2 Raf8 22. Nf2 Ne3 23. Nd3 Qh6 24. Nxc5 Nxf1 25. Rxf1 Rf5 26. Rd1 Qh5 27. Nd7 R8f7 28. Rd4 Rxd5 29. Qe8+ Kg7 30. Nde5 Rxd4 31. Qxf7+ 1-0

[Event "Quebec op U2000"]
[Site "Ste Foy"]
[Date "2017.08.12"]
[Round "1"]
[White "Gauthier, Luc"]
[Black "Tinica, Gabriel"]
[Result "0-1"]
[WhiteElo "1696"]
[BlackElo "1880"]
[PlyCount "156"]
[EventDate "2017.08.12"]
[EventType "swiss"]
[EventRounds "9"]
[EventCountry "CAN"]
[SourceTitle "EXT 2022"]
[Source "ChessBase"]
[SourceDate "2021.10.06"]
[SourceVersion "1"]
[SourceVersionDate "2021.10.06"]
[SourceQuality "1"]

1. e4 c5 2. Nc3 Nc6 3. g3 g6 4. Bg2 Bg7 5. d3 e6 6. f4 Nge7 7. Nf3 d5 8. 0-0 0-0 9. Qe2 Rb8 10. Nd1 b5 11. c3 a5 12. Qf2 d4 13. g4 f5 14. gxf5 exf5 15. cxd4 cxd4 16. e5 Qb6 17. Bd2 Rd8 18. Rc1 a4 19. Qh4 Bd7 20. a3 h6 21. Re1 Be6 22. Qg3 Kh7 23. Nf2 Na5 24. Bb4 Rd7 25. Qh4 Nb3 26. Rc2 Re8 27. Bxe7 Rdxe7 28. Ng5+ Kh8 29. Rc6 Qa5 30. Nfh3 Qd2 31. Nxe6 Rxe6 32. Rxe6 Rxe6 33. Bd5 Re8 34. Bf7 Rc8 35. Bxg6 Nc5 36. Bxf5 Rf8 37. Bg6 Nxd3 38. Bxd3 Qxd3 39. e6 Qg6+ 40. Kh1 Re8 41. Qg3 Qf6 42. Qd3 Rxe6 43. Rxe6 Qxe6 44. Kg2 Qc4 45. Nf2 Kg8 46. Qe4 Qb3 47. Qe8+ Bf8 48. Qg6+ Kh8 49. Nd3 Qd5+ 50. Kg1 Bg7 51. Qe8+ Kh7 52. Qe2 Kg6 53. Qg2+ Qxg2+ 54. Kxg2 Kf5 55. Kf3 Bf8 56. Ne5 Bd6 57. Nd3 Bc7 58. Nc5 Bxf4 59. h3 Be3 60. b3 axb3 61. Nxb3 Ke5 62. Nc5 Kd5 63. Nd3 Kc4 64. Ke4 Kb3 65. Kd5 Kc3 66. Nb4 d3 67. Nxd3 Kxd3 68. Kc6 Ke4 69. Kxb5 Kf3 70. Kc4 Bg5 71. Kd3 Kg2 72. Ke2 Kxh3 73. Kf1 Kh2 74. a4 Bd8 75. Kf2 h5 76. Kf3 h4 77. Kg4 Kg2 78. a5 h3 0-1

[Event "Quebec-ch U14"]
[Site "Montreal"]
[Date "2017.03.04"]
[Round "2"]
[White "Tinica, Gabriel"]
[Black "Zhong, Wenxuan"]
[Result "0-1"]
[WhiteElo "1689"]
[BlackElo "1821"]
[PlyCount "100"]
[EventDate "2017.03.04"]
[EventType "swiss"]
[EventRounds "5"]
[EventCountry "CAN"]
[SourceTitle "EXT 2022"]
[Source "ChessBase"]
[SourceDate "2021.10.06"]
[SourceVersion "1"]
[SourceVersionDate "2021.10.06"]
[SourceQuality "1"]

1. d4 d5 2. Nf3 Nf6 3. Bf4 e6 4. e3 Be7 5. h3 0-0 6. Bd3 Nbd7 7. Nbd2 c5 8. c3 Re8 9. Ne5 Nf8 10. Ndf3 Nh5 11. Bh2 f6 12. Ng4 c4 13. Bc2 h6 14. 0-0 f5 15. Nge5 Nf6 16. Nd2 Bd7 17. a4 a5 18. f3 Bc6 19. Nxc6 bxc6 20. e4 c5 21. e5 N6d7 22. Ra2 Nb8 23. f4 Nc6 24. Nf3 Qb6 25. Bg3 Ng6 26. Kh1 cxd4 27. cxd4 Rab8 28. Rf2 Nb4 29. Ra1 Nxc2 30. Qxc2 Bd8 31. Rd2 Ne7 32. Bf2 Nc6 33. Ne1 Be7 34. Qd1 Bb4 35. Rc2 Bxe1 36. Qxe1 Nb4 37. Rd2 Nd3 38. Qe3 Qa6 39. Ra2 Rb3 40. Ra3 Reb8 41. Be1 Rxa3 42. bxa3 Rb3 43. Kh2 Rxa3 44. g4 fxg4 45. hxg4 Rb3 46. f5 Nc5 47. Qf2 Ne4 48. Qh4 c3 49. Qd8+ Kh7 50. Qe8 exf5 0-1

[Event "Montreal Pere Noel U1800"]
[Site "Montreal"]
[Date "2016.12.29"]
[Round "4.24"]
[White "Tinica, Gabriel"]
[Black "Varfalvy, Peter"]
[Result "1-0"]
[WhiteElo "1606"]
[BlackElo "1409"]
[PlyCount "67"]
[EventDate "2016.12.26"]
[EventType "swiss"]
[EventRounds "5"]
[EventCountry "CAN"]
[SourceTitle "EXT 2022"]
[Source "ChessBase"]
[SourceDate "2021.10.06"]
[SourceVersion "1"]
[SourceVersionDate "2021.10.06"]
[SourceQuality "1"]

1. d4 Nf6 2. c4 c5 3. d5 b5 4. cxb5 a6 5. b6 Qxb6 6. Nc3 g6 7. a4 a5 8. e4 d6 9. Bc4 Bg7 10. Qd3 0-0 11. f4 Nfd7 12. Nf3 Na6 13. Nb5 Nb4 14. Qe2 Bb7 15. Be3 Rfc8 16. 0-0 Bd4 17. Nfxd4 cxd4 18. Bxd4 Qd8 19. Rad1 Ba6 20. b3 Nb6 21. Rfe1 Rxc4 22. bxc4 Nxa4 23. Ra1 Bxb5 24. cxb5 Nc5 25. Bxc5 dxc5 26. Qc4 Qc7 27. e5 Rd8 28. Red1 Kg7 29. Rac1 Rc8 30. d6 exd6 31. exd6 Qd7 32. Ra1 Qa7 33. Re1 Rd8 34. Re7 1-0

[Event "CAN-ch U12"]
[Site "Windsor"]
[Date "2015.07.08"]
[Round "4.56"]
[White "Tinica, Gabriel"]
[Black "Lin, Benjamin1111"]
[Result "1-0"]
[WhiteElo "1690"]
[BlackElo "1815"]
[PlyCount "133"]
[EventDate "2015.07.06"]
[EventType "swiss"]
[EventRounds "7"]
[EventCountry "CAN"]
[SourceTitle "EXT 2022"]
[Source "ChessBase"]
[SourceDate "2021.10.06"]
[SourceVersion "1"]
[SourceVersionDate "2021.10.06"]
[SourceQuality "1"]

1. d4 d5 2. c4 c6 3. Nf3 Nf6 4. Nc3 e6 5. e3 Bd6 6. Bd3 Nbd7 7. 0-0 0-0 8. Qc2 h6 9. Rb1 dxc4 10. Bxc4 e5 11. Rd1 Qc7 12. h3 a5 13. b3 b5 14. Bd3 b4 15. Ne4 Bb7 16. Nxd6 Qxd6 17. dxe5 Qe7 18. exf6 Nxf6 19. Bb2 c5 20. Be2 Be4 21. Bxf6 gxf6 22. Qc4 Bxb1 23. Rxb1 f5 24. Bd3 a4 25. Bxf5 axb3 26. axb3 Ra2 27. Qg4+ Kh8 28. Qf4 Qf6 29. Rd1 Ra1 30. Rxa1 Qxa1+ 31. Kh2 Qf6 32. Qe5 Qxe5+ 33. Nxe5 Kg7 34. Bd3 Rd8 35. Bc4 f6 36. Nd3 Rc8 37. Kg3 Kf8 38. Kf4 Ke7 39. Kf5 Kd6 40. Kxf6 Rf8+ 41. Kg6 Ra8 42. Kxh6 Ra2 43. Kh5 Ke7 44. g4 Kf6 45. e4 Ra8 46. Kh4 Rh8+ 47. Kg3 Rc8 48. e5+ Ke7 49. f4 Kf8 50. f5 Rc7 51. g5 Kg7 52. h4 Kf8 53. e6 Rg7 54. Kf4 Rh7 55. Kg4 Ke7 56. f6+ Kd8 57. g6 Rh6 58. Kg5 Rh8 59. g7 Rxh4 60. Kxh4 Kc7 61. g8Q Kc6 62. Qc8+ Kb6 63. Qxc5+ Kb7 64. Bd5+ Kb8 65. Qb6+ Kc8 66. Qc6+ Kd8 67. Qd7# 1-0

[Event "CAN-ch U12"]
[Site "Windsor"]
[Date "2015.07.07"]
[Round "3.56"]
[White "Surya, Benito"]
[Black "Tinica, Gabriel"]
[Result "1/2-1/2"]
[WhiteElo "1938"]
[BlackElo "1690"]
[PlyCount "72"]
[EventDate "2015.07.06"]
[EventType "swiss"]
[EventRounds "7"]
[EventCountry "CAN"]
[SourceTitle "EXT 2022"]
[Source "ChessBase"]
[SourceDate "2021.10.06"]
[SourceVersion "1"]
[SourceVersionDate "2021.10.06"]
[SourceQuality "1"]

1. d4 Nf6 2. Nf3 g6 3. e3 Bg7 4. Bd3 0-0 5. 0-0 d6 6. b3 Nbd7 7. Bb2 Re8 8. c4 e5 9. Bc2 e4 10. Nfd2 c6 11. Nc3 d5 12. cxd5 cxd5 13. Re1 Nb6 14. h3 Nh5 15. Nf1 Qg5 16. Kh1 f5 17. Ne2 Qf6 18. Nfg3 Nxg3+ 19. Nxg3 g5 20. Nh5 Qh6 21. Nxg7 Kxg7 22. Kg1 f4 23. f3 Bf5 24. fxe4 dxe4 25. Qe2 f3 26. Qf2 g4 27. Qg3 Qg6 28. hxg4 Bxg4 29. gxf3 Bxf3 30. Qxg6+ hxg6 31. Bd1 Rf8 32. Rf1 Rf5 33. Bxf3 Rxf3 34. Rxf3 exf3 35. Kf2 Rf8 36. Rg1 Nd5 1/2-1/2

[Event "Quebec-ch U20"]
[Site "Montreal"]
[Date "2014.02.08"]
[Round "3"]
[White "Wang, Kelly"]
[Black "Tinica, Gabriel"]
[Result "1-0"]
[WhiteElo "1685"]
[BlackElo "1402"]
[PlyCount "91"]
[EventDate "2014.02.07"]
[EventType "swiss"]
[EventRounds "5"]
[EventCountry "CAN"]
[SourceTitle "EXT 2022"]
[Source "ChessBase"]
[SourceDate "2021.10.06"]
[SourceVersion "1"]
[SourceVersionDate "2021.10.06"]
[SourceQuality "1"]

1. e4 c5 2. Nf3 d6 3. d4 cxd4 4. Nxd4 Nf6 5. Nc3 g6 6. f3 Bg7 7. Be3 Nc6 8. Qd2 0-0 9. Bc4 Bd7 10. h4 Rc8 11. Bb3 h5 12. 0-0-0 Ne5 13. Bh6 Bxh6 14. Qxh6 Rxc3 15. bxc3 a5 16. a4 Qb6 17. g4 Rc8 18. gxh5 Nxh5 19. f4 Nc4 20. f5 Qc5 21. Bxc4 Qa3+ 22. Kd2 Rxc4 23. Ne2 Rxe4 24. fxg6 Rxe2+ 25. Kxe2 Ng3+ 26. Kd2 Ne4+ 27. Ke2 Nxc3+ 28. Kf1 fxg6 29. Qxg6+ Kf8 30. Qh6+ Kf7 31. Qh5+ Kf8 32. Qf3+ Ke8 33. Rg1 Kd8 34. Qxb7 Bh3+ 35. Ke1 Qa2 36. Qb6+ Kd7 37. Qb3 Qxb3 38. cxb3 Nxd1 39. Kxd1 Be6 40. Kc2 Bf7 41. Rg5 e5 42. h5 Ke6 43. h6 Kf6 44. h7 Bg6+ 45. Rxg6+ Kxg6 46. h8Q 1-0